| 000 | 01956nam0a2200337 4500 | ||
|---|---|---|---|
| 001 | RU\NLR\bibl\1346441 | ||
| 005 | 20260405191053.0 | ||
| 010 |
_a978-5-94178-161-4 _9300 |
||
| 021 |
_aRU _b2009-5495 _9313 |
||
| 035 | _a(nilc)RSL-KNO-004241655 | ||
| 035 | _a(NLR Aleph) 001331564 | ||
| 090 |
_a803682 _c803682 |
||
| 100 | _a20090225d2008 |||y0rusy50 ca | ||
| 101 | 0 | _arus | |
| 102 | _aRU | ||
| 105 | _aa ||||||||| | ||
| 200 | 1 |
_aПреобразование измерительных сигналов _eучебное пособие для студентов высших учебных заведений, обучающихся по направлениям подготовки: "Конструкторско-технологическое обеспечение машиностроительных производств", "Автоматизированные технологии и производства" _fБ. Н. Марков |
|
| 210 |
_aСтарый Оскол _cТНТ _d2008 |
||
| 215 |
_a303 с. _cил., портр. _d21 |
||
| 320 | _aБиблиогр.: с. 302 | ||
| 606 | 1 |
_aЭлектрические сигналы _jУчебные издания для высших учебных заведений _xПреобразование _92080502 _3RU\NLR\auth\661256439 |
|
| 610 | 0 | _aАвтоматика и телемеханика -- Автоматика -- Информационно-измерительные системы -- Теория -- Прием, передача и обработка сигналов -- Учебник для высшей школы | |
| 686 |
_aЗ965.07-013я73-1 _2rubbk |
||
| 686 | _aЗ811.3я73-1 | ||
| 700 | 1 |
_4070 _8rus _7ca _aМарков _bБ. Н. _cматематик _gБорис Николаевич _3RU\NLR\auth\7783153 _966081 |
|
| 801 | 0 |
_aRU _bРКП _c20090225 _grcr |
|
| 801 | 1 |
_aRU _bРГБ _c20090225 |
|
| 801 | 2 |
_aRU _bNLR _c20090326 _grcr |
|
| 942 | _cBOOK | ||
| 980 | _aNB | ||